01000nam a2200277Ia 4500003000400000005001700004006001800021007000300039008004100042024001000083037001100093040001800104041001300122100002600135110008900161245018200250260000900432650002500441700003500466700003400501700003500535700003200570700008900602942001200691999001900703OSt20220930084809.0a|||||r|||| 00| 0ta220926b |||||||| |||| 00| 0 eng d a86078 cTheses aCRLcCRLbeng 2engaeng aSaurabh Kumar9538474 aUniversity of Delhi. Faculty of Medical Sciences. Department of Radiotherapy9520404 0aComparison of altered fractionationwith concurrent chemotherapy (5-FU and CDDP) and altered fractionated radiotherapy for organ preservation in locally advanced lartngeal cancer c2006 aRADIOTHERAPY9520405 a Dr. A. K. Bahadur Gu.9536992 a Dr. J. C. Passey Gu.9532981 a Dr. Kishore Singh Gu.9538300 a Dr. Sonu Nigam Gu.9535907 aUniversity of Delhi. Faculty of Medical Sciences. Department of Radiotherapy9520407 cDIS2CC c877789d877789